| 000 | 00977nam a2200193 4500 | ||
|---|---|---|---|
| 003 | LK-CoMWRAF | ||
| 005 | 20231217211132.0 | ||
| 008 | 231217b |||||||| |||| 00| 0 eng d | ||
| 040 |
_aLK-CoMWRAF _dLK-CoMWRAF _eLK-CoMWRAF |
||
| 041 |
_aeng _asin _atam |
||
| 082 |
_a347 _bAPP |
||
| 245 | _aAppellate Law recorder Vol 1 : January 2001 = අභියාචන නීති වාර් තා 1 වෙනි වෙළුම : ජනවාරි 2001 = மேல்முறையீட்டு சட்ட பதிவு தொகுதி 1 : ஜனவரி 2001 | ||
| 246 | _aAbhiyacana niti sanngarava Weḷuma 1: Janavari 2001 = Mēlmuṟaiyīṭṭuc caṭṭap pativu tokuti 1: Jaṉavari 2001 | ||
| 260 |
_aColombo : _bCentre for policy alternatives, _c2001 |
||
| 650 | _aAppellate Law record | ||
| 650 | _aඅභියාචන නීති වාර් තා | ||
| 653 | _aமேல்முறையீட்டு சட்ட பதிவு | ||
| 942 | _cBK | ||
| 999 |
_c4509 _d4509 |
||